00362nam a22001457a 4500003000400000008004100004020001800045082001400063100002000077245002600097250001400123260005300137300001100190650001500201OSt250710b |||||||| |||| 00| 0 eng d a9789355733788 a152.3 KAB aKALAT, James W. aBiological Psychology a13th. ed. aDelhi,bCengage Learning India Pvt. Ltd.,c2019, a606 p. aPsychology